000 00637nam a2200217Ia 4500
005 20260429112311.0
008 260429s9999||||xx |||||||||||||| ||und||
020 _a9783110795899
041 _aEnglish
082 _a021.8
_bLUX
100 _aLux, Claudia
245 0 _aLibraries on the agenda :
_blobbying and advocating for library and information professionals /
_cClaudia Lux
260 _aGermany :
_bDe Gruyter Saur,
_c2024.
300 _aix, 305 p.; hb
650 _a Advocating
650 _a Library policy
650 _a Library professionals
650 _a Policy making
650 _aLibrary science
942 _cTB
999 _c53380
_d53380